Six Degrees of Separation - NBA Players - Statistics

General Stats
  • This quiz has been taken 104 times
  • The average score is 21 of 24
Answer Stats
Connection NBA Player % Correct
The player who scored 100 points in a game is ... Wilt Chamberlain
100%
Who is considered the greatest ever Boston Celtics player alongside ... Larry Bird
94%
Who held the record for most career points in NBA history until it was broken by ... Lebron James
93%
The player with the most 3-pointers in NBA history is ... Stephen Curry
93%
The player known as the Greek Freak is ... Giannis Antetokounmpo
92%
Who scored a buzzer beater in the 2013 Finals for Miami Heat, whose all-time top scorer is ... Dwyane Wade
91%
Who led the Showtime Los Angeles Lakers with center ... Kareem Abdul-Jabbar
91%
Who won three NBA MVP awards in the 1980s, just like ... Magic Johnson
91%
Who became the franchise player of Oklahoma City Thunder after the departure of ... Kevin Durant
90%
Who won three straight Finals MVPs in the Lakers forming a duo with ... Kobe Bryant
90%
Who has the only career rebounding average of 22+ per game besides ... Bill Russell
89%
Who is of Nigerian descent like the first foreign-born NBA MVP ... Hakeem Olajuwon
89%
Who also held the record for most career triple-doubles until it was surpassed by ... Russell Westbrook
89%
Who led the Heat to its first NBA title in 2006, partnering with center ... Shaquille O'Neal
89%
Who formed a "Twin Towers" duo in the Spurs with 2-times MVP ... Tim Duncan
89%
Who has been an analyst on "Inside the NBA" with former Phoenix Suns MVP ... Charles Barkley
86%
Who won back-to-back championships with his new team, coached by ... Steve Kerr
86%
Who broke the record that was previously held by ... Ray Allen
85%
Who as a player on San Antonio Spurs won two titles with the Admiral ... David Robinson
83%
Who lost the ball and the championship in the 1998 Finals to His Airness ... Michael Jordan
79%
The player who had the first season averaging a triple-double is ... Oscar Robertson
74%
Who was one of the two power forwards on the Dream Team alongside ... Karl Malone
68%
Who was picked straight out of high school in the 1996 draft where the first pick was ... Allen Iverson
66%
Who won two titles for the Houston Rockets with the aid of point guard ... Kenny Smith
62%
No matching quizzes found
Score Distribution
Percent of People with Each Score
Percentile by Number Answered
Your Score History
You have not taken this quiz